000 01504nam a2200289 a 4500
001 79324
003 BD-RjUL
005 20220206111839.0
008 220206s2018 bg ||||| |||| 00| 0 ben d
020 _a9789843428318
_c: Tk. 200.00
035 _a(BD-RjUL)79324
040 _aBD-RjUL
_beng
_cBD-RjUL
041 _aben
082 _223
_a954.9205
_bRAG 2018
100 _aরহমান, মো. মাহবুবর
245 1 0 _aগণহত্যা-বধ্যভূমি ও গণকবর জরিপ :
_bরাজশাহী জেলা /
_cমো. মাহবুবর রহমান, তাহসিনা শারমিন
260 _aখুলনা :
_b১৯৭১ : গণহত্যা - নির্যাতন আর্কাইভ ও জাদুঘর ট্রাস্ট,
_c২০১৮
300 _a১২৮ পৃ.:
_bচিত্রসমূহ,
_c২৩ সেমি.
490 _aজরিপ গ্রন্থমালা :
_v
650 _2বাংলাদেশ -- ইতিহাস -- মুক্তিযুদ্ধ, ১৯৭১
650 _a | Bangladesh -- History -- Revolution, 1971
_91151
650 _aগণহত্যা
_zরাজশাহী
_yমুক্তিযুদ্ধ, ১৯৭১
_91152
650 _aGenocide
_zRajshahi
_yWar of Liberation, 1971
_91153
700 _aশারমিন, তাহসিনা
_91154
830 _aজরিপ গ্রন্থমালা :
_v
_91144
942 _2ddc
_cBK
999 _c79324
_d79324